| 000 | 00532nam a22001697a 4500 | ||
|---|---|---|---|
| 005 | 20260309162008.0 | ||
| 008 | 260309b |||||||| |||| 00| 0 eng d | ||
| 020 | _a978-0-12-801635-0 | ||
| 100 | _aSAMMONS, JOHN | ||
| 245 |
_aTHE BASICS OF DIGITAL FORENSICS _bTHE PRIMER OF GETTING STARTED IN DIGITAL FORENSICS |
||
| 250 | _a2ND ED | ||
| 260 |
_aWALTHAM, USA _bELSEVIER _c2015 |
||
| 300 | _aXIX, 180P. | ||
| 500 | _aINCLUDES INDEX | ||
| 650 | _a1. COMPUTER CRIMES - INVESTIGATION 2. DIGITAL FORENSIC SCIENCE | ||
| 942 |
_2lcc _cBK |
||
| 999 |
_c216818 _d216818 |
||